000 00299nam a22001337a 4500
008 170703b xxu||||| |||| 00| 0 eng d
020 _a9780321375261
041 _aeng
080 _a82
100 _a22
101 _aGJL
245 _aETHICS FOR THE INFORMATION AGE
_cQUINN, M.J
942 _2udc
_cBK
999 _c19860
_d19860